| 000 | 00517nam a22001811a 4500 | ||
|---|---|---|---|
| 001 | 5614 | ||
| 003 | OSt | ||
| 005 | 20260204212022.0 | ||
| 008 | 060201s1984||||dr ||||||b||||||||||spa|| | ||
| 050 | _aRD 658 A13a | ||
| 100 | _aAmaro Guzmán, Raymundo | ||
| 245 | _aAdministración científica historia y principios / Raymundo Amaro Guzmán | ||
| 264 | _aSanto Domingo : ONAP | ||
| 300 | _a123 p | ||
| 490 | _aColección estudios administrativos No. 11 | ||
| 650 | _a1.Administración de EmpresasÌ | ||
| 942 |
_2ddc _cBK |
||
| 999 |
_c5614 _d5614 |
||